| 000 | 00586nam a2200157 a 4500 | ||
|---|---|---|---|
| 001 | 000018515 | ||
| 005 | 20200929165821.0 | ||
| 008 | 100511s1932 sp r 000 0 spa d | ||
| 040 |
_aDO-SdBNP _bspa _cBNPHU |
||
| 082 |
_axxxx _bQ58o |
||
| 100 | 1 |
_aQuevedo Villegas, Francisco de, _cDon, _d1580-1645 _940049 |
|
| 245 | 1 | 0 |
_aObras completas de Don Francisco de Quevedo Villegas / _cclasifiacción y anotación de textos Luis Astrana Marín. |
| 260 |
_aMadrid : _bM. Aguilar Editor, _c1932. |
||
| 300 |
_av. ; _c18 cm. |
||
| 504 | _aIncluye referencias bibliográficas y notas al pie de páginas | ||
| 999 |
_c18035 _d18035 |
||